[Event "Pan American tt7 B2 corr"]
[Site "Argentina"]
[Date "2000.06.01"]
[Round "?"]
[White "Etchechoury, Guillermo Augusto"]
[Black "Ristorto, Rogelio Santo"]
[Result "1-0"]
[WhiteElo "2461"]
[BlackElo "2582"]
[PlyCount "83"]
[EventDate "2000.??.??"]
[EventType "tourn (corr)"]
[EventRounds "14"]
[EventCountry "ARG"]
[SourceTitle "Corr 2004"]
[Source "ChessBase"]
[SourceDate "2003.04.28"]
[SourceVersion "3"]
[SourceVersionDate "2003.04.28"]
[SourceQuality "1"]

1. d4 Nf6 2. Bg5 Ne4 3. Bf4 d5 4. f3 Nf6 5. e4 dxe4 6. Nc3 exf3 7. Nxf3 Bf5 8. Bd3 Bg6 9. 0-0 e6 10. Bxg6 hxg6 11. Ne5 Be7 12. Qd3 0-0 13. Rad1 Nbd7 14. Qh3 c6 15. Bg5 Nxe5 16. dxe5 Nd7 17. Bxe7 Qxe7 18. Qg3 Rad8 19. Ne4 Qb4 20. Qh4 a5 21. c4 f6 22. exf6 Nxf6 23. Nxf6+ gxf6 24. Rxd8 Qb6+ 25. Rd4 e5 26. Rfd1 Kg7 27. Qf2 exd4 28. Qxd4 c5 29. Qd2 Qc7 30. b3 Rf7 31. Qd6 Re7 32. Qxc7 Rxc7 33. Rd6 Re7 34. a4 g5 35. Rb6 f5 36. Rb5 Rc7 37. Kf2 Kf6 38. Rxa5 Ke5 39. b4 Kd4 40. Rxc5 Rxc5 41. bxc5 Kxc4 42. h3 1-0

[Event "Pan American tt7 B2 corr"]
[Site "Argentina"]
[Date "2000.06.01"]
[Round "?"]
[White "Ristorto, Rogelio Santo"]
[Black "Blanco Gramajo, Cesar Augusto"]
[Result "1-0"]
[WhiteElo "2582"]
[BlackElo "2495"]
[PlyCount "101"]
[EventDate "2000.??.??"]
[EventType "tourn (corr)"]
[EventRounds "14"]
[EventCountry "ARG"]
[SourceTitle "Corr 2004"]
[Source "ChessBase"]
[SourceDate "2003.04.28"]
[SourceVersion "3"]
[SourceVersionDate "2003.04.28"]
[SourceQuality "1"]

1. d4 Nf6 2. c4 g6 3. Nc3 Bg7 4. e4 d6 5. f3 0-0 6. Be3 Nc6 7. Nge2 a6 8. Qd2 Rb8 9. Nc1 e5 10. d5 Nd4 11. Nb3 Nxb3 12. axb3 c5 13. b4 cxb4 14. Na4 b5 15. cxb5 axb5 16. Qxb4 Ne8 17. Nb6 Bh6 18. Bf2 Rxb6 19. Qa5 Ra6 20. Qxd8 Rxa1+ 21. Ke2 Rb1 22. Bh4 Ba6 23. Qb6 Rxb2+ 24. Ke1 Nc7 25. Be2 Rc8 26. Kf2 Ra2 27. Re1 Bd2 28. Rb1 Ba5 29. Qxd6 b4 30. Qxe5 Bxe2 31. Kg3 Ne8 32. Be7 Ng7 33. d6 Ra8 34. Qd5 Bb6 35. Rb2 Nh5+ 36. Kh4 Bf2+ 37. g3 R2a5 38. Qb7 Nxg3 39. hxg3 Bxf3 40. Qxa8+ Rxa8 41. Rxf2 Bxe4 42. d7 b3 43. Kg5 f5 44. d8Q+ Rxd8 45. Bxd8 Kf7 46. Re2 Ke6 47. Bf6 Kd5 48. Re3 Bc2 49. Re7 f4 50. Kxf4 h5 51. Kg5 1-0

[Event "Linskens Memorial-B corr"]
[Site "LADAC corr"]
[Date "1999.11.01"]
[Round "?"]
[White "Piasini, Antonio"]
[Black "Ristorto, Rogelio Santo"]
[Result "1/2-1/2"]
[WhiteElo "2377"]
[BlackElo "2577"]
[PlyCount "62"]
[EventDate "1999.??.??"]
[EventType "tourn (corr)"]
[EventRounds "9"]
[EventCountry "ARG"]
[SourceTitle "Corr 2008"]
[Source "ChessBase"]
[SourceDate "2008.06.24"]
[SourceVersion "1"]
[SourceVersionDate "2008.06.24"]
[SourceQuality "1"]

1. d4 Nf6 2. c4 g6 3. Nc3 d5 4. cxd5 Nxd5 5. e4 Nxc3 6. bxc3 Bg7 7. Bc4 c5 8. Ne2 Nc6 9. Be3 0-0 10. 0-0 Bg4 11. f3 Na5 12. Bd3 cxd4 13. cxd4 Be6 14. Rc1 Bxa2 15. Qa4 Be6 16. d5 Bd7 17. Qb4 e6 18. Nc3 exd5 19. Nxd5 Be6 20. Rfd1 Bxd5 21. exd5 Re8 22. Bf4 Be5 23. Bxe5 Rxe5 24. d6 Rd5 25. Be4 Rxd1+ 26. Rxd1 Qb6+ 27. Qxb6 axb6 28. Rb1 Rd8 29. Rxb6 Nc4 30. Rxb7 Nxd6 31. Rb4 Nxe4 1/2-1/2

[Event "Linskens Memorial-B corr"]
[Site "LADAC corr"]
[Date "1999.11.01"]
[Round "?"]
[White "Verducci Silvelo, Sergio Daniel"]
[Black "Ristorto, Rogelio Santo"]
[Result "1/2-1/2"]
[WhiteElo "2498"]
[BlackElo "2577"]
[PlyCount "137"]
[EventDate "1999.??.??"]
[EventType "tourn (corr)"]
[EventRounds "9"]
[EventCountry "ARG"]
[SourceTitle "Corr 2024"]
[Source "ChessBase"]
[SourceDate "2023.10.19"]
[SourceVersion "1"]
[SourceVersionDate "2023.10.19"]
[SourceQuality "1"]

1. e4 c5 2. Nf3 Nc6 3. c3 d5 4. exd5 Qxd5 5. d4 Bg4 6. Be2 cxd4 7. cxd4 e6 8. 0-0 Nf6 9. Nc3 Qa5 10. Bd2 Qb6 11. a3 Be7 12. Be3 Qc7 13. Rc1 0-0 14. h3 Bh5 15. g4 Bg6 16. Ne5 Nxe5 17. Nd5 Qd6 18. Nxe7+ Qxe7 19. dxe5 Ne4 20. Qe1 Rfc8 21. Bf3 a6 22. Bg2 h6 23. Qe2 f5 24. exf6 Nxf6 25. Bd4 Rxc1 26. Rxc1 Rd8 27. Qe5 Qd7 28. Bc5 Nd5 29. Re1 Re8 30. h4 Nf6 31. g5 hxg5 32. hxg5 Nd5 33. Bh3 Nc7 34. Bg4 Bf5 35. Bf3 b5 36. Bd6 Na8 37. Be4 Bxe4 38. Rxe4 Qf7 39. a4 Nb6 40. axb5 axb5 41. Qxb5 Nd5 42. Qe2 Qf5 43. Qg4 Rd8 44. Bc5 Qxg4+ 45. Rxg4 Kf7 46. Re4 Rb8 47. Bd4 Nb4 48. Bc3 Nd5 49. Be5 Rb7 50. Bd4 Nb4 51. g6+ Kxg6 52. Rxe6+ Kf5 53. Rb6 Rxb6 54. Bxb6 Nd3 55. Bd4 g5 56. Kg2 Ke4 57. Bc3 g4 58. Kg3 Kd5 59. b3 Nc1 60. Bd2 Nxb3 61. Be3 Na5 62. Kxg4 Nc6 63. Bf4 Ke6 64. Bc7 Nb4 65. Kg5 Nd3 66. f3 Nb4 67. Kg6 Nd5 68. Bg3 Ne7+ 69. Kg5 1/2-1/2

[Event "Linskens mem-B corr"]
[Site "Argentina"]
[Date "1999.??.??"]
[Round "?"]
[White "Dias, Sergio Moreira Ferr"]
[Black "Ristorto, Rogelio Santo"]
[Result "0-1"]
[WhiteElo "2379"]
[BlackElo "2577"]
[PlyCount "112"]
[EventDate "1999.11.01"]
[EventType "tourn (corr)"]
[EventRounds "14"]
[EventCountry "ARG"]
[SourceTitle "Corr 2006"]
[Source "ChessBase"]
[SourceDate "2006.04.01"]
[SourceVersion "3"]
[SourceVersionDate "2006.04.01"]
[SourceQuality "1"]

1. d4 Nf6 2. c4 g6 3. Nc3 d5 4. cxd5 Nxd5 5. e4 Nxc3 6. bxc3 Bg7 7. Bc4 0-0 8. Ne2 c5 9. Be3 Nc6 10. 0-0 Bg4 11. f3 Na5 12. Bxf7+ Rxf7 13. fxg4 Rxf1+ 14. Kxf1 Qd6 15. e5 Qd5 16. Bf2 Rf8 17. g5 Qf7 18. Qe1 Nc4 19. Kg1 Na3 20. Qf1 Nc2 21. Rd1 Qxa2 22. Rd2 Qb3 23. Qd1 Qf7 24. Ng3 Na3 25. Ne4 cxd4 26. cxd4 Nc4 27. Ra2 Nxe5 28. Rxa7 Qf4 29. dxe5 Qxe4 30. Qb3+ Kh8 31. Rxb7 Bxe5 32. g3 Bd4 33. Bxd4+ Qxd4+ 34. Kg2 Qd2+ 35. Kh3 Qxg5 36. Qd3 Qf6 37. Rc7 Rf7 38. Qe2 Kg7 39. Kg2 Qd6 40. Rc4 e5 41. Re4 Qc6 42. h4 Rb7 43. Kh2 Rb1 44. Qg2 Rb2 45. Qxb2 Qxe4 46. Qc3 Qf5 47. g4 Qf4+ 48. Kh3 Qd4 49. Qc7+ Kf6 50. g5+ Kf5 51. Qf7+ Ke4 52. Qxh7 Qe3+ 53. Kg2 Kf5 54. Qd7+ Kf4 55. Qh3 Qd2+ 56. Kg1 e4 0-1

[Event "Linskens mem-B corr"]
[Site "Argentina"]
[Date "1999.??.??"]
[Round "?"]
[White "Ristorto, Rogelio Santo"]
[Black "Marcos Nozar, Jose Ricardo"]
[Result "1-0"]
[WhiteElo "2577"]
[BlackElo "2434"]
[PlyCount "71"]
[EventDate "1999.11.01"]
[EventType "tourn (corr)"]
[EventRounds "14"]
[EventCountry "ARG"]
[SourceTitle "Corr 2006"]
[Source "ChessBase"]
[SourceDate "2006.04.01"]
[SourceVersion "3"]
[SourceVersionDate "2006.04.01"]
[SourceQuality "1"]

1. d4 Nf6 2. c4 e6 3. Nc3 d5 4. g3 Be7 5. Nf3 0-0 6. Bg2 Nbd7 7. 0-0 c6 8. b3 b6 9. Qd3 Bb7 10. Rd1 Rc8 11. e4 c5 12. exd5 exd5 13. cxd5 cxd4 14. Nxd4 Ne5 15. Qf5 Rxc3 16. Qxe5 Bd6 17. Qg5 h6 18. Qd2 Rc8 19. Bb2 Qd7 20. Nc6 Qf5 21. Bxf6 Qxf6 22. Nxa7 Rcd8 23. Nb5 Rfe8 24. Nxd6 Rxd6 25. Rac1 Red8 26. Rc4 R8d7 27. a4 Qd8 28. b4 Qa8 29. Qc2 Kh8 30. b5 Kg8 31. Re1 Rd8 32. Rc6 Bxc6 33. bxc6 Qc8 34. Re7 Qg4 35. Rb7 Re8 36. c7 1-0

[Event "Linskens mem-B corr"]
[Site "Argentina"]
[Date "1999.??.??"]
[Round "?"]
[White "Ristorto, Rogelio Santo"]
[Black "Pesce, Leonardo Francisco"]
[Result "1-0"]
[WhiteElo "2577"]
[BlackElo "2391"]
[PlyCount "57"]
[EventDate "1999.11.01"]
[EventType "tourn (corr)"]
[EventRounds "14"]
[EventCountry "ARG"]
[SourceTitle "Corr 2006"]
[Source "ChessBase"]
[SourceDate "2006.04.01"]
[SourceVersion "3"]
[SourceVersionDate "2006.04.01"]
[SourceQuality "1"]

1. d4 Nf6 2. c4 g6 3. Nc3 d5 4. cxd5 Nxd5 5. e4 Nxc3 6. bxc3 Bg7 7. Bc4 0-0 8. Ne2 c5 9. Be3 Nc6 10. 0-0 Bg4 11. f3 Na5 12. Bxf7+ Rxf7 13. fxg4 Rxf1+ 14. Kxf1 Qd6 15. e5 Qd5 16. Bf2 Rf8 17. g5 Qf7 18. Qe1 Qf5 19. h4 h6 20. Ng3 Qd3+ 21. Kg1 hxg5 22. hxg5 Nc6 23. Rd1 Qc4 24. Qe2 Qxe2 25. Nxe2 cxd4 26. cxd4 e6 27. Be3 Rd8 28. Nf4 Bxe5 29. Nxe6 1-0

[Event "Linskens mem-B corr"]
[Site "Argentina"]
[Date "1999.??.??"]
[Round "?"]
[White "Ristorto, Rogelio Santo"]
[Black "Zarate, Juan Carlos"]
[Result "1/2-1/2"]
[WhiteElo "2577"]
[BlackElo "2405"]
[PlyCount "116"]
[EventDate "1999.11.01"]
[EventType "tourn (corr)"]
[EventRounds "14"]
[EventCountry "ARG"]
[SourceTitle "Corr 2006"]
[Source "ChessBase"]
[SourceDate "2006.04.01"]
[SourceVersion "3"]
[SourceVersionDate "2006.04.01"]
[SourceQuality "1"]

1. d4 Nf6 2. c4 g6 3. Nc3 Bg7 4. e4 d6 5. f3 0-0 6. Be3 Nc6 7. Qd2 Rb8 8. Nge2 a6 9. Nc1 e5 10. Nb3 exd4 11. Nxd4 Ne5 12. Be2 c6 13. 0-0 Qc7 14. Rfd1 b5 15. cxb5 axb5 16. b4 Rd8 17. Rac1 Qb7 18. Bg5 Re8 19. a4 bxa4 20. Nxa4 Qxb4 21. Nc3 Qb7 22. h3 Be6 23. Nxe6 Rxe6 24. Be3 Qe7 25. f4 Ned7 26. Bf3 Qf8 27. Rb1 Rxb1 28. Rxb1 Qa8 29. Rb4 Qa1+ 30. Rb1 Qa5 31. Qc1 Re8 32. Ra1 Qb4 33. Ra4 Qb3 34. Ra3 Qb8 35. Ra6 c5 36. Bf2 Nb6 37. Qc2 Nfd7 38. Nb5 d5 39. e5 Bf8 40. Qa2 g5 41. g3 gxf4 42. gxf4 Re6 43. Ra7 Rg6+ 44. Kh1 Qc8 45. Rc7 Qe8 46. Nc3 Qe6 47. Bg4 Rxg4 48. hxg4 Qh6+ 49. Kg2 Qxf4 50. Qe2 Nxe5 51. Bg3 Ng6 52. Bxf4 Nxf4+ 53. Kf3 Nxe2 54. Kxe2 d4 55. Rc6 Nd7 56. Ne4 Kg7 57. Ng3 Ne5 58. Nh5+ Kg8 1/2-1/2